TOP 11 gier z największą sprzedażą w historii - Statystyki

Ogólne statystyki
  • Ten quiz został rozwiązany 27 razy
  • Średni wynik to 3 z 11
Statystyki odpowiedzi
Liczba sprzedanych Odpowiedź % Poprawnych
238 milionów egzemplarzy Minecraft
90%
180 milionów egzemplarzy Grand Theft Auto V
52%
ponad 500 milionów egzemplarzy Tetris
33%
50 milionów egzemplarzy Wiedźmin 3: Dziki Gon
29%
53 milionów egzemplarzy Red Dead Redemption 2
19%
58 milionów egzemplarzy Super Mario Bros
14%
31,07 milionów egzemplarzy Pokémon Red/Green/Blue/Yellow
10%
40 milionów egzemplarzy Overwatch
5%
75 milionów egzemplarzy PlayerUnknown's Battlegrounds
5%
62,25 milionów egzemplarzy Mario Kart 8 Deluxe
0%
82,9 milionów egzemplarzy Wii Sports
0%
Nie znaleziono quizów pasujących do podanych kryteriów
Rozkład punktacji
Procent ludzi z każdym wynikiem
Percentyl według liczby udzielonych odpowiedzi
Twoja historia wyników
Nie rozwiązałeś tego quizu